La Epidemia del cólera de 1856 en el Valle Central: análisis y consecuencias demográficas /
সংরক্ষণ করুন:
| প্রধান লেখক: | |
|---|---|
| অন্যান্য লেখক: | |
| বিন্যাস: | পাঠ্য |
| ট্যাগগুলো: |
ট্যাগ যুক্ত করুন
কোনো ট্যাগ নেই, প্রথমজন হিসাবে ট্যাগ করুন!
|
MARC
| LEADER | 00000 a a2200000 04500 | ||
|---|---|---|---|
| 001 | 15705 | ||
| 003 | |||
| 040 | |||
| 100 | |a Tjarks, German | ||
| 245 | |a La Epidemia del cólera de 1856 en el Valle Central: |b análisis y consecuencias demográficas / |c German Tjarks | ||
| 700 | |a Fernández, Flora Mª |a Espinoza, Julio César | ||
| 773 | |g número 3; páginas 81-129 | ||
| 999 | |c 32458 |d 32458 | ||
